| 000 | 01475nam a2200433 i 4500 | ||
|---|---|---|---|
| 001 | 1143 | ||
| 003 | KOSZ 005 | ||
| 005 | 20220609091013.0 | ||
| 008 | 981118s1984 pl a f f |000 0 pol | ||
| 015 | _aPB 1985/701 | ||
| 020 | _a8320406137 | ||
| 035 | _a(OCoLC)749564172 | ||
| 040 |
_aWA N _cWA N _dKOSZ 005/HR |
||
| 041 | 0 | _apol | |
| 046 | _k1979 | ||
| 080 | _a621.317 | ||
| 080 | _a(075.8) | ||
| 245 | 0 | 0 |
_aPodstawy metrologii elektrycznej / _cAndrzej Marcyniuk [et al.]. |
| 250 | _aWyd. 3 częśc. zm. | ||
| 260 |
_aWarszawa : _bWydawnictwa Naukowo-Techniczne, _c1984. |
||
| 300 |
_a445, [2] s. : _brys., wykr. ; _c24 cm. |
||
| 380 | _aKsiążki | ||
| 380 | _aPublikacje dydaktyczne | ||
| 385 |
_mPoziom nauczania _aSzkoły wyższe |
||
| 388 | _a1901-2000 | ||
| 388 | _a1945-1989 | ||
| 490 | 1 | _aPodręczniki Akademickie. Elektrotechnika. | |
| 500 | _aWyd. poprzednie pod hasłem : Marcyniuk Andrzej, Pasecki Eligiusz, Szadkowski Brunon. | ||
| 504 | _aBibliogr. s.438. wykaz norm s. 438-440. | ||
| 658 | _aInżynieria i technika | ||
| 655 | 4 | _aPodręczniki akademickie | |
| 650 | 4 | _aPomiary | |
| 650 | 4 | _aElektrotechnika | |
| 700 | 1 |
_aMarcyniuk, Andrzej. _eAutor |
|
| 710 | 2 |
_aWydawnictwa Naukowo-Techniczne _4pbl. |
|
| 856 |
_uhttp://koha.tu.koszalin.pl/cgi-bin/koha/opac-detail.pl?biblionumber=1143 _yKatalog online BPK |
||
| 830 | 0 |
_aPodręczniki Akademickie. _pElektrotechnika |
|
| 942 |
_2UKD _cKS |
||
| 999 |
_c1143 _d1143 |
||